=LDR 00000nam 2200000 4500 =001 INLIS000000000036799 =005 20130612142550 =008 ***********************************Ind** =035 ##$$a0010-061300000036799 =041 ##$$a Ind =082 ##$$a 641.865 4 =090 ##$$a 641.865 4, Hid t =100 ##$$a Hidayat, Nunuk =245 ##$$a 30 camilan paling dinikmati anak, Noenoek Hidayat dan Diana Danayanti =260 ##$$a 2010 $b Jakarta =300 ##$$a 43 hlm, ilus, 21 cm =650 ##$$a Kue =700 ##$$a Damayanti, Diana =850 ##$$a NBPNMAT =990 ##$$a 21195263/BPAP-NTB/2014 =990 ##$$a 21195264/BPAP-NTB/2014 =990 ##$$a 21195265/BPAP-NTB/2014 =990 ##$$a 0001/BPAP-NTB/20142014